Statistics for Degrassi: Next Class Season 1 Quiz

Click here to take the quiz!

General Stats

  • This quiz has been taken 876 times
  • The average score is 7 of 9

Answer Stats

Hint Answer % Correct
Who was Tristen wildly obsessed with?Miles
98%
Who did Mya start dating?Zig
91%
Who did Lola start dating?Tiny
90%
Who did Zig cheat with in the woods?Zoe
90%
Who was Zig worried about stealing his girlfriend?Jonah
86%
Who was anonymously bullying Mya over the internet?Hunter
84%
Who did Zoe start liking?Grace
72%
What did Tristin think he caught? (Disease)Chlamydia
51%
Who did Zoe go searching for?Her dad
33%

Score Distribution

Percentile by Number Answered

Percent of People with Each Score

Your Score History

You have not taken this quiz